| 000 | 09888nas1a22012251i 4500 | ||
|---|---|---|---|
| 001 | RU\NLR\INFOCOMM\1000038112 | ||
| 005 | 20240725224130.0 | ||
| 035 | _a(NLR Aleph) 002767525 | ||
| 090 |
_a2288429 _c2288429 |
||
| 100 | _a20040219b18711931|||y0rusy50 ca | ||
| 101 | 0 | _arus | |
| 102 | _aRU | ||
| 110 | _azyu||||0|y0 | ||
| 200 | 1 | _aТруды Ботанического сада Академии наук СССР | |
| 207 | 1 | _aТ.1-44 | |
| 210 |
_aМ. _aЛ. _cСельколхозгиз _d1871-1931 |
||
| 311 | _aВ 1931г. на Т.44 изд. прекратилось в связи с объединением Ботанического музея и Главного ботанического сада в Ботанический институт Академии наук СССР | ||
| 320 | _aПрибавление к 3-му тому, содержащее новые заглавия и алфавитный список к томам 1-3. Спб., 1876. Приброш. к ... Т.3 | ||
| 320 | _a[Указатели к ТТ.1-30]. Сост. В.И.Липский. Пг., 1915 (Труды... 1915 ненум. вып. Юбилейный том. Вып.1) | ||
| 430 | 1 |
_12001#$aТруды С.-Петербургского ботанического сада _tТруды С.-Петербургского ботанического сада |
|
| 430 | 1 |
_12001#$aТруды Ботанического сада Петра Великого _tТруды Ботанического сада Петра Великого |
|
| 430 | 1 |
_12001#$aТруды Главного ботанического сада _tТруды Главного ботанического сада |
|
| 710 | 0 | 2 |
_aГлавный ботанический сад СССР _cЛенинград _4070 |
| 801 | 1 |
_aRU _bInfoComm _c20040219 |
|
| 801 | 0 |
_aRU _bNLR _gPSBO |
|
| 852 |
_aNLR _jП8/176 |
||
| 942 | _cSE | ||
| 980 | _aRUSPER | ||